000 00780cab a22002055a 4500
001 L159124
008 160202e20160118xxk 000 0 eng d
035 _a(Sirsi) u159124
041 0 _aeng
100 1 _aDavies, Graeme
245 0 0 _aShrinking the state
260 _c2016
490 _aFM World
_v13(1)18 January 2016, 18-22(5)
520 _aAs the Government chooses to outsource many of its services as part of its best value cost effectiveness policy warns facilities management providers bidding for contracts that their profit margins could be reduced and could lead to some companies failing to fulfill contracts profitably.
590 _aKA
650 2 4 _aOUTSOURCING
651 4 _aEngland and Wales
_y1543-
690 _aFacilities management
_96240
942 _n0
999 _c84807
_d84807